| 000 | 00440nam a22001457a 4500 | ||
|---|---|---|---|
| 008 | 250131b |||||||| |||| 00| 0 eng d | ||
| 020 | _a9783030849795 | ||
| 040 |
_aKABU _cKABU |
||
| 050 |
_aRS403 _b.E87 |
||
| 245 |
_aEssentials of industrial pharmacy _cEdited by Saeed Ahmad Khan |
||
| 260 |
_aKohat, Pakistan _bSpringer _c2022 |
||
| 300 | _axv, 298p. | ||
| 440 |
_aAAPS Advances in the pharmaceutical sciences _vVol. 46 |
||
| 942 |
_2lcc _cBK |
||
| 999 |
_c20591 _d20590 |
||